| 000 | 00896nam0a22002651 4500 | ||
|---|---|---|---|
| 001 | rc\4649824 | ||
| 005 | 20130416202152.2 | ||
| 021 |
_aRU _b[57-30151] |
||
| 035 | _a(NLR Aleph) 008690768 | ||
| 090 |
_a9237335 _c9237335 |
||
| 100 | _a20130416d1957 |||y0rusy50 ca | ||
| 101 | 0 | _arus | |
| 102 | _aRU | ||
| 105 | _aa z ||||| | ||
| 200 | 1 | _aЭлектрогребная установка речных судов типа "Россия" | |
| 210 |
_aМосква _cРечной транспорт _d1957 |
||
| 215 |
_a67 с., 2 л. черт. _cил. _d22 |
||
| 606 |
_aЭлектроходы речные _2psbo |
||
| 606 |
_aГребные установки, электрические _2psbo |
||
| 700 | 1 |
_aСоловьев _bН. В. _gНиколай Владимирович |
|
| 801 | 0 |
_aRU _bNLR _gpsbo |
|
| 801 | 1 |
_aRU _bELAR _2rusmarc |
|
| 852 |
_aNLR _j57-6/3956 |
||
| 942 | _cBOOK | ||
| 980 | _aNB | ||